| 000 | 00415nam a22001817a 4500 | ||
|---|---|---|---|
| 003 | OSt | ||
| 005 | 20240409144424.0 | ||
| 008 | 181103b xxu||||| |||| 00| 0 eng d | ||
| 020 | _a9788123923321 | ||
| 040 | _cIIMT UNIVERSITY | ||
| 100 | _aB D CHAURASIA.S | ||
| 245 | _aHUMAN ANATOMY VOL -1 | ||
| 250 | _a7 ED | ||
| 260 | _aCBS PUB | ||
| 300 | _a304 | ||
| 887 | _2BAN SAL BOOK DIST | ||
| 942 |
_2ddc _c02 _e7 ED |
||
| 999 |
_c44570 _d44570 |
||